Prefixes de SI - Statistiques

Statistiques générales
  • Ce quiz a été pris 69 fois
  • Le résultat moyen est 11 sur 17
Statistiques - réponses
Valeur Nom % Correct
-6 micro
92%
-3 milli
92%
-9 nano
92%
-12 pico
92%
-2 centi
85%
-1 deci
85%
3 kilo
85%
6 mega
85%
1 deca
77%
9 giga
77%
-15 femto
69%
2 hecto
69%
12 tera
54%
15 peta
38%
24 yotta
15%
21 zetta
15%
18 exa
0%
Aucun quiz correspondant
Distribution des résultats
% des personnes avec chaque résultat
Percentile par nombre de réponses
Votre historique - résultats
Vous n’avez pas pris ce quiz